000 00902nam a2200229 i 4500
001 102694
003 ES-MaACL
005 20250824062446.0
007 t|
008 051128s1994 pr ||||1| spa d
020 _a1-881703-02-9
080 _a821.134.2(729.5)-92"19"
245 0 4 _aLas columnas del Ateneo
_b: columnas periodísticas escritas por la Junta de Gobierno del Ateneo Puertorriqueño y publicadas en el periódico "El Mundo" de 1988 a 1990.
250 _a1ª ed.
260 _aSan Juan, Puerto Rico :
_bLEA, Ateneo Puertorriqueño,
_c1994.
300 _a309 p. :
_bil. ;
_c22 cm.
490 1 _aCuadernos del Ateneo ;
_v2.
_aSerie de periodismo ;
_v1
710 2 _aAteneo Puertorriqueño
_92054
830 0 0 _aCuadernos del Ateneo.
_pSerie de periodismo (Ateneo Puertorriqueño)
_v2.
_v1
_9184663
852 _aES-MaACL
_jE-11204
_bR.136891
999 _c102694
_d102694